| 000 | 00663nam a22001937a 4500 | ||
|---|---|---|---|
| 999 |
_c164692 _d164692 |
||
| 005 | 20190524141919.0 | ||
| 010 | _aUR-10153 | ||
| 020 |
_c250.00 _a9789387829060 |
||
| 035 | _aU-8708 | ||
| 037 | _bDBAD/PUB | ||
| 082 | _a841 | ||
| 100 | _aمسعو د جا می | ||
| 245 |
_aد ر د د ل (شعر ی مجمو عہ) _cمسعو د جا می |
||
| 246 |
_bDard-e-Dil (Poetry) (Urdu) _aby Masood Jami |
||
| 260 |
_a Delhi _bEducational Publishing House _c2018 ء |
||
| 270 |
_a3191،Vakil Street,Kucha Pandit,Lal Kuan, _bDelhi _e110006 _k23216162 _l00911123211540 |
||
| 300 |
_a204ص _c22 Cm.(bk) |
||
| 942 |
_2ddc _cUR _h841 _mج ا م |
||